| 000 | 00969nac a22002411u 4500 | ||
|---|---|---|---|
| 010 | _a2004100722 | ||
| 020 | _a0324183208 | ||
| 082 | 0 | 0 |
_a368 _bT827 |
| 090 |
_c1073 _d1073 |
||
| 100 | _aTrieschmann, James S. | ||
| 245 | 1 | 0 |
_aRisk management and insurance / _cJames S. Treischman, Robert E. Hoyt, David W. Sommer. |
| 246 | 3 | _aRisk management and insurance | |
| 250 |
_a12th ed. / _bJames S. Treischmann [i.e. Trieschmann], Robert E. Hoyt, David W. Sommer. |
||
| 260 |
_aMason, Ohio : _bThomson/South-Western, _cc2005. |
||
| 300 |
_a1 v. (various pagings) : _bill. ; _c27 cm. |
||
| 504 | _aIncludes bibliographical references and index. | ||
| 650 | 0 |
_aInsurance _zUnited States. |
|
| 650 | 0 |
_aRisk management _zUnited States. |
|
| 700 | 1 | _aHoyt, Robert E. | |
| 700 | 1 | _aSommer, David W. | |
| 942 |
_cBB _k368T827 |
||
| 999 |
_c1073 _d1073 |
||